Statistics for Ten Biggest Cities in the Philippines in Population

Click here to take the quiz!

General Stats

  • This quiz has been taken 94 times
  • The average score is 6 of 10

Answer Stats

HintAnswer% Correct
Metro ManilaQuezon
90%
Metro ManilaManila
84%
Region 7Cebu
77%
Region 12Davao
68%
Metro ManilaPasig
54%
Metro ManilaCaloocan
47%
Metro ManilaTaguig
43%
Region 9Zamboanga
41%
Metro ManilaValenzuela
28%
CALABARZONAntipolo
22%

Score Distribution

Percentile by Number Answered

Percent of People with Each Score

Your Score History

You have not taken this quiz